Types of drama : (Record no. 1866)

MARC details
000 -LEADER
fixed length control field 00616cam a2200205 4500
001 - CONTROL NUMBER
control field 2339
005 - DATE AND TIME OF LATEST TRANSACTION
control field 20181127164952.0
008 - FIXED-LENGTH DATA ELEMENTS--GENERAL INFORMATION
fixed length control field 840626s1985 maua b 000 0 eng
010 ## - LIBRARY OF CONGRESS CONTROL NUMBER
LC control number 84014420
020 ## - INTERNATIONAL STANDARD BOOK NUMBER
International Standard Book Number 0316082228 (pbk.)
245 00 - TITLE STATEMENT
Title Types of drama :
Remainder of title plays and essays /
Statement of responsibility, etc. [compiled by] Sylvan Barnet, Morton Berman, William Burto.
250 ## - EDITION STATEMENT
Edition statement 4th ed.
260 ## - PUBLICATION, DISTRIBUTION, ETC.
Place of publication, distribution, etc. Boston :
Name of publisher, distributor, etc. Little, Brown,
Date of publication, distribution, etc. c1985.
300 ## - PHYSICAL DESCRIPTION
Extent xi, 784 p. :
Other physical details ill. ;
Dimensions 23 cm.
504 ## - BIBLIOGRAPHY, ETC. NOTE
Bibliography, etc. note Includes bibliographies.
650 #0 - SUBJECT ADDED ENTRY--TOPICAL TERM
Topical term or geographic name entry element Drama
General subdivision Collections.
700 1# - ADDED ENTRY--PERSONAL NAME
Personal name Barnet, Sylvan.
Personal name Berman, Morton.
Personal name Burto, William.
Holdings
Withdrawn status Lost status Source of classification or shelving scheme Damaged status Not for loan Collection code Home library Current library Shelving location Serial Enumeration / chronology Inventory number Total Checkouts Full call number Barcode Date last seen Price effective from Koha item type
    Dewey Decimal Classification     Main TEST RTC Library RTC Library Main opac 632   808.82 BAR 30006142 27/11/2018 27/11/2018 Main
Royal Thimphu College || All Right Reserved